Catálogo
 En Linea

Panorama del folklore dominicano. (Registro nro. 16422)

Detalles MARC
000 -CABECERA
campo de control de longitud fija 00249nam a2200097 a 4500
005 - FECHA Y HORA DE LA ÚLTIMA TRANSACCIÓN
campo de control 20200929164959.0
008 - DATOS DE LONGITUD FIJA--INFORMACIÓN GENERAL
campo de control de longitud fija 100312s1961 000 spa d
040 ## - FUENTE DE LA CATALOGACIÓN
Centro catalogador/agencia de origen DO-SdBNP
245 #0 - MENCIÓN DE TÍTULO
Título Panorama del folklore dominicano.
260 ## - PUBLICACIÓN, DISTRIBUCIÓN, ETC.
Lugar de publicación, distribución, etc. Florida, USA,
Fecha de publicación, distribución, etc. 1961.

No hay ítems disponibles.

Con tecnología Koha